[Event "Hastings Masters 2022/23"]
[Site "Hastings"]
[Date "2022.12.28"]
[Round "1.26"]
[White "Gorgun, Aliriza Atif"]
[Black "Oragwu, Chukwunonso"]
[Result "0-1"]
[WhiteElo "1850"]
[BlackElo "2233"]
[PlyCount "64"]
[EventDate "2022.12.28"]
[EventType "swiss"]
[EventRounds "10"]
[EventCountry "ENG"]

1. e4 c5 2. Nf3 a6 3. c4 d6 4. d4 cxd4 5. Nxd4 Nf6 6. Nc3 g6 7. Be2 Bg7 8. Be3
O-O 9. O-O Nc6 10. f4 Bd7 11. Bf3 Rc8 12. Nxc6 Bxc6 13. Qd3 a5 14. a4 Nd7 15.
Rfd1 Nc5 16. Qe2 Qe8 17. Nb5 Bxe4 18. Bxe4 Nxe4 19. Bd4 f5 20. Bxg7 Kxg7 21. b4
axb4 22. Qb2+ Kg8 23. Qxb4 Qc6 24. Nd4 Qxc4 25. Qxb7 e5 26. fxe5 dxe5 27. Ne6
Qxe6 28. Rd7 Nf6 29. Rg7+ Kh8 30. Re7 Qc6 31. Qxc6 Rxc6 32. Rxe5 Ra8 0-1

[Event "Hastings Masters 2022/23"]
[Site "Hastings"]
[Date "2022.12.28"]
[Round "1.27"]
[White "Anand, Batsukh"]
[Black "Shepley, Julien M"]
[Result "1-0"]
[WhiteElo "2203"]
[BlackElo "1848"]
[PlyCount "107"]
[EventDate "2022.12.28"]
[EventType "swiss"]
[EventRounds "10"]
[EventCountry "ENG"]

1. d4 d5 2. c4 e6 3. Nf3 c5 4. cxd5 exd5 5. g3 Nc6 6. Bg2 Nf6 7. O-O Be7 8. Nc3
O-O 9. Bg5 cxd4 10. Nxd4 h6 11. Nxc6 bxc6 12. Be3 Bg4 13. Na4 Qd7 14. Bc5 Rfe8
15. Re1 Bxc5 16. Nxc5 Qe7 17. Qd4 Rab8 18. Rac1 Qe5 19. Qxe5 Rxe5 20. e3 Re7
21. b3 Bf5 22. Red1 Rb6 23. Na4 Rb4 24. Rxc6 d4 25. Re1 dxe3 26. Rxe3 Rxe3 27.
fxe3 Ng4 28. Rc3 Bb1 29. a3 Rb8 30. h3 Nf6 31. Nc5 a5 32. Rc1 Bg6 33. Nb7 a4
34. b4 Ne4 35. Bxe4 Bxe4 36. Nd6 Bd5 37. e4 Be6 38. b5 Kf8 39. Rc7 Rb6 40. e5
f6 41. Rc6 Rb8 42. b6 fxe5 43. b7 Bxh3 44. Ra6 Ke7 45. Ra8 Kxd6 46. Rxb8 Kc7
47. Ra8 Kxb7 48. Rxa4 Kc6 49. Rb4 Be6 50. a4 Kc5 51. Rb7 g6 52. a5 Bd5 53. a6
g5 54. Rb8 1-0

[Event "Hastings Masters 2022/23"]
[Site "Hastings"]
[Date "2022.12.28"]
[Round "1.28"]
[White "Kumar, Soham"]
[Black "Hutchinson, Paul A"]
[Result "0-1"]
[WhiteElo "1844"]
[BlackElo "2135"]
[PlyCount "70"]
[EventDate "2022.12.28"]
[EventType "swiss"]
[EventRounds "10"]
[EventCountry "ENG"]

1. e4 c6 2. d4 d5 3. e5 Bf5 4. h4 h5 5. Bd3 Bxd3 6. Qxd3 e6 7. Nf3 c5 8. c3 Nc6
9. O-O Nh6 10. Bg5 Qb6 11. Nbd2 Nf5 12. dxc5 Bxc5 13. b4 Be7 14. Bxe7 Nfxe7 15.
b5 Na5 16. Nd4 Rc8 17. Rac1 Nc4 18. Nxc4 Rxc4 19. Rfe1 g6 20. Rb1 O-O 21. Re3
Rfc8 22. Rb3 Qd8 23. g3 Qa5 24. a3 Qa4 25. Qb1 Nf5 26. Nxf5 gxf5 27. Kg2 Rg4
28. Qb2 Rcc4 29. Kh2 Qa5 30. f3 Rg6 31. Rb4 Qc7 32. b6 axb6 33. Rxb6 f4 34.
gxf4 Qc5 35. Re1 Rxc3 0-1

[Event "Hastings Masters 2022/23"]
[Site "Hastings"]
[Date "2022.12.28"]
[Round "1.29"]
[White "Latzke, Boris"]
[Black "Miller, George"]
[Result "0-1"]
[WhiteElo "2194"]
[BlackElo "1808"]
[PlyCount "156"]
[EventDate "2022.12.28"]
[EventType "swiss"]
[EventRounds "10"]
[EventCountry "ENG"]

1. d4 d5 2. c4 c6 3. Nf3 Nf6 4. Nc3 e6 5. Bg5 dxc4 6. e4 b5 7. e5 h6 8. Bh4 g5
9. Nxg5 hxg5 10. Bxg5 Nbd7 11. exf6 Bb7 12. g3 Nxf6 13. Bg2 Bh6 14. Bxh6 Rxh6
15. Qd2 Rh5 16. O-O Qb6 17. Rad1 O-O-O 18. Qf4 Rf5 19. Qh4 Rg8 20. Ne4 Nxe4 21.
Bxe4 Rfg5 22. Qf4 Qc7 23. Qxc7+ Kxc7 24. f4 Rh5 25. Bf3 Rh6 26. Rf2 Rd8 27.
Rfd2 Rhh8 28. h4 a5 29. Kf2 b4 30. Rc2 Ba6 31. Be2 b3 32. axb3 cxb3 33. Rc5
Bxe2 34. Kxe2 a4 35. Kd3 Kb6 36. Rdc1 Rd6 37. R1c4 Ra8 38. Rb4+ Kc7 39. g4 Rd5
40. h5 a3 41. bxa3 b2 42. Rxb2 Rxa3+ 43. Rc3 Ra4 44. Rc4 Ra3+ 45. Kc2 Rf3 46.
Ra4 Rxf4 47. Ra7+ Kd6 48. Rb8 Rfxd4 49. h6 Rd2+ 50. Kb1 Rh2 51. Rd8+ Ke5 52.
Rxd5+ cxd5 53. g5 f6 54. gxf6 Rxh6 55. f7 Rh8 56. Kc2 Rf8 57. Kd3 Kf6 58. Kd4
Rxf7 59. Ra1 Rc7 60. Rf1+ Ke7 61. Ra1 Rc4+ 62. Kd3 Kd6 63. Ra6+ Ke5 64. Rb6 Rh4
65. Ra6 Rh3+ 66. Ke2 d4 67. Kd2 Kf5 68. Ra8 Ke4 69. Rg8 Rh2+ 70. Kd1 e5 71. Rg3
d3 72. Rg4+ Kd5 73. Rg8 Kd4 74. Ke1 e4 75. Rg1 Ra2 76. Rg4 Ke3 77. Rg3+ Kf4 78.
Rh3 e3 0-1

[Event "Hastings Masters 2022/23"]
[Site "Hastings"]
[Date "2022.12.28"]
[Round "1.30"]
[White "Howell, Oliver W"]
[Black "Schimnatkowski, Lukas"]
[Result "0-1"]
[WhiteElo "1804"]
[BlackElo "2194"]
[PlyCount "180"]
[EventDate "2022.12.28"]
[EventType "swiss"]
[EventRounds "10"]
[EventCountry "ENG"]

1. Nf3 g6 2. c4 Bg7 3. Nc3 c5 4. g3 Nc6 5. Bg2 d6 6. O-O e5 7. a3 a5 8. d3 Nge7
9. Rb1 O-O 10. e3 Rb8 11. Nb5 d5 12. cxd5 Nxd5 13. d4 Bf5 14. Ra1 exd4 15. exd4
c4 16. Be3 Bd3 17. Re1 Qb6 18. Qa4 Qa6 19. Ne5 Nb6 20. Nc7 Nxa4 21. Nxa6 Rbc8
22. Nxd3 cxd3 23. Bxc6 Rxc6 24. b3 d2 25. Bxd2 Bxd4 26. Rac1 Nc3 27. Bxc3 Bxc3
28. Re3 Rfc8 29. Nb8 R6c7 30. Rd3 Bb2 31. Rxc7 Rxc7 32. a4 Kg7 33. Nd7 Rc2 34.
Nb6 Ba3 35. Nc4 Bc5 36. Rd2 Rc1+ 37. Kg2 b6 38. Rd3 Rc2 39. Ne3 Rb2 40. Nd1 Ra2
41. h3 h5 42. Kf3 Kf6 43. Ne3 Ke6 44. g4 h4 45. Nd1 f5 46. gxf5+ gxf5 47. Ne3
Bxe3 48. Kxe3 Rb2 49. Kf3 Ke5 50. Ke3 Rc2 51. f4+ Ke6 52. Rd2 Rc1 53. Ke2 Rg1
54. Rd3 Rg2+ 55. Kf1 Rb2 56. Ke1 Rc2 57. Kf1 Rc5 58. Ke2 b5 59. axb5 Rxb5 60.
Kd2 Rb4 61. Ke3 Rb8 62. Ke2 Rg8 63. Kf2 Rc8 64. Ke2 Rc1 65. Kf2 Rc2+ 66. Kf1
Rh2 67. Ke1 Ra2 68. Kf1 a4 69. bxa4 Rxa4 70. Rf3 Kd5 71. Kf2 Ra2+ 72. Kg1 Ke4
73. Rb3 Re2 74. Rb4+ Kf3 75. Ra4 Rg2+ 76. Kh1 Rf2 77. Kg1 Kg3 78. Ra3+ Rf3 79.
Ra2 Kxh3 80. Ra5 Kg4 81. Kg2 h3+ 82. Kh2 Rf2+ 83. Kh1 Kg3 84. Ra3+ Rf3 85. Ra1
Rxf4 86. Kg1 Rf2 87. Ra3+ Rf3 88. Ra2 f4 89. Ra8 h2+ 90. Kh1 Rf1# 0-1

[Event "Hastings Masters 2022/23"]
[Site "Hastings"]
[Date "2022.12.28"]
[Round "1.31"]
[White "Kett, Tim"]
[Black "Faulks, Nick"]
[Result "1-0"]
[WhiteElo "2184"]
[BlackElo "1802"]
[PlyCount "51"]
[EventDate "2022.12.28"]
[EventType "swiss"]
[EventRounds "10"]
[EventCountry "ENG"]

1. e4 c5 2. Nf3 e6 3. d4 cxd4 4. Nxd4 a6 5. Bd3 Bc5 6. Nb3 Be7 7. O-O d6 8. Nc3
Nf6 9. f4 Nbd7 10. Qf3 h5 11. h3 Qc7 12. Be3 b5 13. a4 b4 14. Ne2 e5 15. c3
exf4 16. Qxf4 Ne5 17. Bc2 h4 18. Nbd4 b3 19. Bxb3 Nd3 20. Qg5 Bd8 21. Nf4 Nxf4
22. Qxf4 Rb8 23. Rf2 Rg8 24. Qxh4 d5 25. Bf4 Nxe4 26. Qh7 1-0

[Event "Hastings Masters 2022/23"]
[Site "Hastings"]
[Date "2022.12.28"]
[Round "1.32"]
[White "Butt, Laurence"]
[Black "Walker, Martin G"]
[Result "0-1"]
[WhiteElo "1740"]
[BlackElo "2100"]
[PlyCount "114"]
[EventDate "2022.12.28"]
[EventType "swiss"]
[EventRounds "10"]
[EventCountry "ENG"]

1. d4 Nf6 2. Bg5 c5 3. d5 Qb6 4. Nc3 Qxb2 5. Bd2 Qb6 6. e4 d6 7. Rb1 Qd8 8. Nf3
g6 9. Qc1 Bg7 10. Bh6 O-O 11. Bxg7 Kxg7 12. h4 Nbd7 13. Be2 Re8 14. h5 Qa5 15.
Qd2 Nf8 16. hxg6 fxg6 17. Rb5 Qc7 18. Qh6+ Kg8 19. Ng5 a6 20. Rb1 Qa5 21. Kd2
b5 22. f4 b4 23. e5 bxc3+ 24. Ke1 Qxa2 25. exf6 exf6 26. Nxh7 Qxb1+ 27. Kf2
Qxh1 28. Nxf6+ Kf7 29. Qxh1 Kxf6 30. Qh8+ Kf7 31. Bf3 a5 32. g4 a4 33. f5 Re7
34. f6 Rb7 35. Be4 a3 36. Qg7+ Ke8 37. Qg8 a2 38. Bxg6+ Kd8 39. Qxf8+ Kc7 40.
Qe7+ Bd7 41. Bf5 Rd8 42. f7 a1=Q 43. f8=Q Rxf8 44. Qxd7+ Kb6 45. Qxd6+ Kb5 46.
Qxf8 Qc1 47. Qe8+ Kb4 48. Qe4+ Ka3 49. Qc4 Qd2+ 50. Kf3 Qd1+ 51. Kf4 Rb4 52.
Qxb4+ cxb4 53. Ke5 b3 54. cxb3 c2 55. Bxc2 Qxc2 56. d6 Qc6 57. g5 Kb4 0-1

[Event "Hastings Masters 2022/23"]
[Site "Hastings"]
[Date "2022.12.28"]
[Round "1.33"]
[White "Okhai, Shabir"]
[Black "Wilson, Matthew R"]
[Result "1-0"]
[WhiteElo "2149"]
[BlackElo "1722"]
[PlyCount "55"]
[EventDate "2022.12.28"]
[EventType "swiss"]
[EventRounds "10"]
[EventCountry "ENG"]

1. e4 e5 2. Nf3 Nf6 3. Nxe5 d6 4. Nf3 Nxe4 5. Nc3 Nxc3 6. dxc3 Be7 7. Be3 Nc6
8. Qd2 Be6 9. O-O-O Qd7 10. Kb1 Bf6 11. h4 h6 12. Nd4 a6 13. Nxe6 fxe6 14. g3
O-O-O 15. Bh3 Kb8 16. Rhe1 Rhe8 17. Qe2 Qf7 18. Bg2 d5 19. c4 Ne5 20. cxd5 exd5
21. Bc1 Ka8 22. Qd2 Nc4 23. Qb4 Rxe1 24. Rxe1 Nd6 25. Qc5 Nc8 26. Bf4 Kb8 27.
Rd1 Nb6 28. Qxb6 1-0

[Event "Hastings Masters 2022/23"]
[Site "Hastings"]
[Date "2022.12.28"]
[Round "1.34"]
[White "Gamal, Alaa"]
[Black "Villiers, Thomas"]
[Result "0-1"]
[WhiteElo "1713"]
[BlackElo "2141"]
[PlyCount "90"]
[EventDate "2022.12.28"]
[EventType "swiss"]
[EventRounds "10"]
[EventCountry "ENG"]

1. d4 Nf6 2. c4 e6 3. Nf3 d5 4. g3 Bb4+ 5. Bd2 Be7 6. Bg2 O-O 7. Qc2 Nbd7 8.
O-O c6 9. Bf4 b6 10. b3 Ba6 11. Re1 Rc8 12. Nbd2 c5 13. e3 Nh5 14. Be5 f6 15.
Bf4 g5 16. g4 cxd4 17. Nxd4 Ng7 18. Bg3 Ne5 19. Bxe5 fxe5 20. Ne2 b5 21. Qb2
bxc4 22. bxc4 Bxc4 23. Nxc4 Rxc4 24. h3 Bd6 25. Qb7 Qf6 26. Rf1 Rc2 27. Qa6 Bb8
28. Rac1 Rxc1 29. Nxc1 e4 30. Ne2 Qe5 31. Ng3 Qc3 32. Ne2 Qc7 33. Rc1 Qf7 34.
Rf1 Be5 35. Qa4 Ne8 36. Qc6 Nd6 37. Nd4 Bxd4 38. Qxd6 Bb6 39. Qc6 Qf6 40. Qc2
Qe5 41. Rc1 d4 42. exd4 Bxd4 43. Rf1 e3 44. fxe3 Qxe3+ 45. Kh2 Rxf1 0-1

[Event "Hastings Masters 2022/23"]
[Site "Hastings"]
[Date "2022.12.28"]
[Round "1.35"]
[White "Ogunshola, Ben"]
[Black "Winter, Kevin"]
[Result "1-0"]
[WhiteElo "2140"]
[BlackElo "1708"]
[PlyCount "65"]
[EventDate "2022.12.28"]
[EventType "swiss"]
[EventRounds "10"]
[EventCountry "ENG"]

1. c4 Nf6 2. Nf3 g6 3. g3 Bg7 4. Bg2 O-O 5. Nc3 d6 6. O-O e5 7. d3 Nc6 8. Rb1
a5 9. a3 h6 10. b4 axb4 11. axb4 Be6 12. b5 Ne7 13. Bb2 Qd7 14. Re1 Bh3 15. Bh1
Ng4 16. Qb3 Kh8 17. d4 exd4 18. Nd5 Nf5 19. Nf4 Nxf2 20. Kxf2 Ne3 21. Nxd4 Rae8
22. Kg1 Re7 23. Bxb7 Bf5 24. Bc6 Qc8 25. Ra1 Qb8 26. c5 dxc5 27. Nxf5 Nxf5 28.
Ra8 Qb6 29. Rxf8+ Kh7 30. Nd5 Qa5 31. Bc3 Bd4+ 32. Kh1 Bxc3 33. Qxc3 1-0

[Event "Hastings Masters 2022/23"]
[Site "Hastings"]
[Date "2022.12.28"]
[Round "1.36"]
[White "Damodaran, Patrick"]
[Black "Hryshchenko, Kamila"]
[Result "0-1"]
[WhiteElo "1701"]
[BlackElo "2139"]
[PlyCount "94"]
[EventDate "2022.12.28"]
[EventType "swiss"]
[EventRounds "10"]
[EventCountry "ENG"]

1. e4 g6 2. d4 Bg7 3. c4 d6 4. Nf3 Nf6 5. Nc3 O-O 6. Be2 e5 7. O-O Nbd7 8. d5
h6 9. b4 a5 10. b5 Ne8 11. Nd2 f5 12. Qc2 f4 13. Bg4 Nc5 14. Bxc8 Qxc8 15. f3
h5 16. Bb2 g5 17. Rad1 b6 18. Nb3 Nb7 19. a4 g4 20. Qf2 Nf6 21. Rfe1 Nd8 22.
Kf1 Nf7 23. Ke2 Ng5 24. Kd3 gxf3 25. gxf3 Qh3 26. Nd2 Ng4 27. Qf1 Qxf1+ 28.
Rxf1 Ne3 29. Rg1 Nxd1 30. Nxd1 Nh3 31. Rg2 Rfe8 32. Ke2 Kf7 33. Nf2 Nxf2 34.
Kxf2 Bf6 35. Nb1 Rg8 36. Bc3 Rxg2+ 37. Kxg2 Rg8+ 38. Kf1 h4 39. Be1 h3 40. Nc3
Rg2 41. Ne2 Rxh2 42. Bc3 Rxe2 43. Kg1 Bh4 44. Kh1 Bg3 45. Kg1 Rc2 46. c5 Rc1+
47. Be1 Rxe1# 0-1

[Event "Hastings Masters 2022/23"]
[Site "Hastings"]
[Date "2022.12.28"]
[Round "1.37"]
[White "Eames, Robert S"]
[Black "Westcott, Dale"]
[Result "1-0"]
[WhiteElo "2136"]
[BlackElo "1610"]
[PlyCount "73"]
[EventDate "2022.12.28"]
[EventType "swiss"]
[EventRounds "10"]
[EventCountry "ENG"]

1. d4 d5 2. c4 c6 3. Nf3 Nf6 4. Nc3 e6 5. Bg5 Nbd7 6. e3 Be7 7. Bd3 dxc4 8.
Bxc4 b5 9. Bd3 Bb7 10. O-O O-O 11. Qc2 h6 12. Bh4 a6 13. Rfd1 Nd5 14. Bxe7 Qxe7
15. Nxd5 exd5 16. Bf5 c5 17. Bxd7 Qxd7 18. dxc5 Rac8 19. b4 Rfe8 20. Nd4 Re5
21. a4 Bc6 22. Qd3 Rg5 23. f4 Rg6 24. axb5 axb5 25. Rd2 Rd8 26. Ra6 Rc8 27.
Rda2 Qg4 28. Nxc6 Rcxc6 29. Rxc6 Rxc6 30. Ra8+ Rc8 31. h3 Qd7 32. Rxc8+ Qxc8
33. Qxd5 Kf8 34. c6 Ke7 35. Qxb5 Qc7 36. Qe5+ Qxe5 37. fxe5 1-0

[Event "Hastings Masters 2022/23"]
[Site "Hastings"]
[Date "2022.12.28"]
[Round "1.38"]
[White "Finn, Peter"]
[Black "Bryant, Harry"]
[Result "1-0"]
[WhiteElo "2123"]
[BlackElo "1510"]
[PlyCount "109"]
[EventDate "2022.12.28"]
[EventType "swiss"]
[EventRounds "10"]
[EventCountry "ENG"]

1. Nf3 Nf6 2. b3 d5 3. Bb2 c6 4. e3 Bf5 5. Be2 Nbd7 6. Nh4 e6 7. Nxf5 exf5 8.
c4 Nb6 9. O-O g6 10. Nc3 Bg7 11. Ba3 Ne4 12. Nxe4 fxe4 13. Rc1 Qd7 14. cxd5
Nxd5 15. Qc2 f5 16. Qc5 Bf8 17. Qd4 Qg7 18. Bb2 Qxd4 19. Bxd4 Rg8 20. f3 exf3
21. Bxf3 Kd7 22. e4 Ne7 23. exf5 gxf5 24. Rce1 Bh6 25. Bc5 Rg7 26. Re5 Bf4 27.
Rxe7+ Rxe7 28. Bxe7 Kxe7 29. Bxc6 Bxd2 30. Bxb7 Rb8 31. Ba6 Be3+ 32. Kh1 Rb6
33. Bd3 f4 34. Bxh7 Ra6 35. a4 Rb6 36. Bg8 a5 37. g3 Rb4 38. Bc4 Kf6 39. gxf4
Kf5 40. Rd1 Kxf4 41. Rd5 Bb6 42. Kg2 Bc7 43. Rd7 Be5 44. Rd5 Bc3 45. Rb5 Be1
46. Kf1 Bc3 47. Ke2 Rxb5 48. axb5 Ke4 49. b6 Bd4 50. b7 Be5 51. h4 Kd4 52. h5
Kc5 53. h6 Kb6 54. Bd5 Bh8 55. b8=Q+ 1-0

[Event "Hastings Masters 2022/23"]
[Site "Hastings"]
[Date "2022.12.28"]
[Round "1.39"]
[White "Jerome, Stellio"]
[Black "Payne, Matthew J"]
[Result "0-1"]
[WhiteElo "1501"]
[BlackElo "2116"]
[PlyCount "60"]
[EventDate "2022.12.28"]
[EventType "swiss"]
[EventRounds "10"]
[EventCountry "ENG"]

1. g4 d5 2. h3 h5 3. g5 e5 4. h4 Ne7 5. Bg2 Nbc6 6. e3 Be6 7. Ne2 Qd7 8. d4 e4
9. c4 dxc4 10. Bxe4 Bd5 11. Nbc3 Bxe4 12. Nxe4 Nd5 13. a3 O-O-O 14. Bd2 Re8 15.
f3 f5 16. gxf6 gxf6 17. N2c3 Bg7 18. Kf2 f5 19. Nc5 Qf7 20. Qa4 Nb6 21. Qc2
Nxd4 22. Qd1 Qe7 23. N5a4 Nb3 24. Nxb6+ axb6 25. Nd5 Qf7 26. e4 fxe4 27. Bf4
Bd4+ 28. Be3 Qxd5 29. Qe2 exf3 30. Qxf3 Bxe3+ 0-1

[Event "Hastings Masters 2022/23"]
[Site "Hastings"]
[Date "2022.12.28"]
[Round "1.40"]
[White "Pollack, Oscar"]
[Black "Dewangan, Aayush"]
[Result "1-0"]
[WhiteElo "2112"]
[BlackElo "1472"]
[PlyCount "105"]
[EventDate "2022.12.28"]
[EventType "swiss"]
[EventRounds "10"]
[EventCountry "ENG"]

1. e4 c5 2. Nf3 d6 3. d4 cxd4 4. Nxd4 Nf6 5. f3 a6 6. c4 e6 7. Nc3 Nc6 8. Be3
Qc7 9. Rc1 Be7 10. Be2 Bd7 11. Qd2 Rd8 12. O-O O-O 13. Rfd1 Ne8 14. Bf1 Bf6 15.
Qf2 Rc8 16. Nxc6 Bxc6 17. b4 Qe7 18. b5 Bd7 19. Na4 Rc7 20. Nb6 axb5 21. cxb5
Bc3 22. a4 f5 23. exf5 Rxf5 24. Nc4 Bb4 25. Nb6 Rxc1 26. Rxc1 Nf6 27. Qb2 Ba5
28. Nc4 Bc7 29. Bf2 d5 30. Ne3 Be5 31. Nxf5 exf5 32. Re1 Bxb2 33. Rxe7 Kf8 34.
Re2 Ba3 35. Ra2 Bd6 36. a5 Ne8 37. a6 bxa6 38. bxa6 Nc7 39. a7 Bc6 40. Rb2 Ke7
41. Rb8 h6 42. Bd3 f4 43. Bf5 Kf6 44. Bc8 Ke5 45. Bb7 Bxb7 46. Rxb7 d4 47. Rxc7
d3 48. a8=Q d2 49. Qe4+ Kf6 50. Bd4+ Kg5 51. Rxg7+ Kh4 52. Rg4+ Kh5 53. Qe8#
1-0

[Event "Hastings Masters 2022/23"]
[Site "Hastings"]
[Date "2022.12.28"]
[Round "1.49"]
[White "Kelly, Paul J"]
[Black "Muir, Andrew J"]
[Result "0-1"]
[WhiteElo "1842"]
[BlackElo "2244"]
[PlyCount "70"]
[EventDate "2022.12.28"]
[EventType "swiss"]
[EventRounds "10"]
[EventCountry "ENG"]

1. e4 c5 2. Nf3 Nc6 3. Bb5 g6 4. O-O Bg7 5. Re1 e5 6. h3 Nge7 7. Nc3 O-O 8. d3
h6 9. a4 d6 10. Bc4 a6 11. Bd2 Rb8 12. Qc1 Kh7 13. Nh2 f5 14. g4 fxg4 15. hxg4
Nd4 16. Kg2 b5 17. axb5 axb5 18. Ba2 b4 19. Ne2 d5 20. Nxd4 cxd4 21. f3 Be6 22.
Rh1 Qd7 23. Nf1 Bxg4 24. fxg4 Qxg4+ 25. Ng3 Rf3 26. Rh3 Rbf8 27. Be1 h5 28. Qd2
h4 29. Qxb4 R8f7 30. Bxd5 Nxd5 31. exd5 Bh6 32. Qb8 Re3 33. Ra7 Qf3+ 34. Kh2
hxg3+ 35. Rxg3 Re2+ 0-1

[Event "Hastings Masters 2022/23"]
[Site "Hastings"]
[Date "2022.12.28"]
[Round "1.50"]
[White "Dhanuka Aman"]
[Black "Banerjee, Supratit"]
[Result "0-1"]
[WhiteElo "1194"]
[BlackElo "1541"]
[PlyCount "90"]
[EventDate "2022.12.28"]
[EventType "swiss"]
[EventRounds "10"]
[EventCountry "ENG"]

1. e4 e6 2. Nf3 d5 3. Nc3 d4 4. Ne2 c5 5. c3 Nc6 6. cxd4 cxd4 7. Nf4 Nf6 8. Bd3
e5 9. Ne2 Bd6 10. a3 O-O 11. O-O Bg4 12. Ng3 Nd7 13. b4 a5 14. b5 Ne7 15. Bb2
Nc5 16. Bc4 Rc8 17. d3 Ng6 18. h3 Be6 19. Bxe6 fxe6 20. Ne1 Nf4 21. Nh5 Qg5 22.
Nxf4 Qxf4 23. Bc1 Qf6 24. a4 Rf7 25. Nf3 Rcf8 26. Kh2 Qg6 27. Re1 Qh5 28. Qe2
Rxf3 29. gxf3 Rxf3 30. Qf1 Nxd3 31. Re2 Qf7 32. Raa2 h6 33. Qg2 Nxc1 34. Rac2
Nxe2 35. Rxe2 Qf4+ 36. Kh1 d3 37. Ra2 Qxe4 38. Kh2 Qf4+ 39. Kh1 Qc1+ 40. Kh2
e4+ 41. Qg3 Bxg3+ 42. fxg3 d2 43. Rxd2 Qxd2+ 44. Kg1 Rb3 45. Kf1 Rb1# 0-1

[Event "Hastings Masters 2022/23"]
[Site "Hastings"]
[Date "2022.12.29"]
[Round "2.1"]
[White "Schimnatkowski, Lukas"]
[Black "Petrov, Martin"]
[Result "1/2-1/2"]
[WhiteElo "2194"]
[BlackElo "2535"]
[PlyCount "52"]
[EventDate "2022.12.28"]
[EventType "swiss"]
[EventRounds "10"]
[EventCountry "ENG"]

1. e4 c5 2. Nc3 Nc6 3. Bb5 Nd4 4. Bc4 e6 5. Nge2 Nf6 6. O-O a6 7. a4 d5 8. exd5
exd5 9. Ba2 Bd6 10. d3 Bg4 11. h3 Bxe2 12. Nxe2 Ne6 13. f4 O-O 14. f5 Nc7 15.
Bg5 h6 16. Bh4 Re8 17. Nf4 Bxf4 18. Rxf4 Qd6 19. Qf3 Re7 20. Re1 Rxe1+ 21. Bxe1
Re8 22. Bg3 Qb6 23. Bb3 Qa5 24. Bh4 Qd2 25. Bxf6 gxf6 26. Bxd5 Re3 1/2-1/2

[Event "Hastings Masters 2022/23"]
[Site "Hastings"]
[Date "2022.12.29"]
[Round "2.2"]
[White "Korpa, Bence"]
[Black "Kett, Tim"]
[Result "1-0"]
[WhiteElo "2516"]
[BlackElo "2184"]
[PlyCount "79"]
[EventDate "2022.12.28"]
[EventType "swiss"]
[EventRounds "10"]
[EventCountry "ENG"]

1. d4 Nf6 2. Nc3 d5 3. Bf4 e6 4. Nb5 Na6 5. e3 c6 6. Nc3 Bd6 7. Bxa6 bxa6 8.
Nf3 c5 9. Bxd6 Qxd6 10. Na4 cxd4 11. exd4 Ne4 12. Nd2 e5 13. dxe5 Qxe5 14. O-O
O-O 15. Re1 Bf5 16. Nxe4 dxe4 17. Qe2 Qa5 18. Nc3 Rad8 19. Rad1 Bg6 20. Rxd8
Rxd8 21. Nxe4 Qxa2 22. Nc3 Qe6 23. Qxe6 fxe6 24. Rxe6 Rb8 25. Rxa6 Rxb2 26. f3
Rxc2 27. Nd5 Bd3 28. Rxa7 Rb2 29. Nf4 Rb1+ 30. Kf2 Rb2+ 31. Kg3 Bf1 32. h4 Rc2
33. Ra1 Bb5 34. Ra8+ Kf7 35. Ra7+ Kf6 36. Nh5+ Kg6 37. Rxg7+ Kh6 38. Rg5 Bf1
39. Nf4 Bxg2 40. Rh5+ 1-0

[Event "Hastings Masters 2022/23"]
[Site "Hastings"]
[Date "2022.12.29"]
[Round "2.3"]
[White "Villiers, Thomas"]
[Black "Sulskis, Sarunas"]
[Result "0-1"]
[WhiteElo "2141"]
[BlackElo "2492"]
[PlyCount "240"]
[EventDate "2022.12.28"]
[EventType "swiss"]
[EventRounds "10"]
[EventCountry "ENG"]

1. c4 c5 2. Nc3 Nf6 3. Nf3 b6 4. e4 d6 5. d4 cxd4 6. Nxd4 Bb7 7. Bd3 g6 8. Be3
Bg7 9. O-O O-O 10. Rc1 Nbd7 11. f3 Rc8 12. Be2 a6 13. Qd2 e6 14. Bg5 Qe7 15.
Nc2 Rfd8 16. Ne3 h6 17. Bh4 Nxe4 18. Bxe7 Nxd2 19. Rfd1 Bd4 20. Kf2 Bxe3+ 21.
Kxe3 Nxc4+ 22. Bxc4 Re8 23. Ne4 Bxe4 24. Bxd6 Bb7 25. Bf4 g5 26. Bg3 Nf6 27.
Be5 Nd5+ 28. Bxd5 Bxd5 29. a3 Kh7 30. Rc7 Rxc7 31. Bxc7 b5 32. Kd4 Rc8 33. Rc1
Kg6 34. Bf4 Rd8 35. Bc7 Rd7 36. Ke3 Bc4 37. Ba5 h5 38. Rc2 Rd3+ 39. Kf2 Rd1 40.
Rd2 Rf1+ 41. Ke3 Bd5 42. Re2 Rh1 43. h3 g4 44. hxg4 hxg4 45. Kf4 gxf3 46. gxf3
f6 47. Rg2+ Kf7 48. Kg3 e5 49. Rd2 Ke6 50. f4 Rf1 51. fxe5 Rf3+ 52. Kg2 Be4 53.
Kg1 fxe5 54. Bb4 Bd5 55. Rh2 e4 56. Rh6+ Kf7 57. Rh5 Rd3 58. Bc5 Ke6 59. Kf2 a5
60. Be3 Rb3 61. Bd4 e3+ 62. Bxe3 Rxb2+ 63. Ke1 Rb3 64. Bc5 Rc3 65. Bf8 Rc8 66.
Bg7 b4 67. axb4 axb4 68. Kd2 b3 69. Bc3 Kd6 70. Rh8 Bg8 71. Rh5 Rc4 72. Rb5 Rg4
73. Bf6 Bc4 74. Rg5 Re4 75. Kc3 Be6 76. Rb5 Re2 77. Rb6+ Kc7 78. Rb4 Kc6 79.
Kd3 Rc2 80. Bd4 Rc1 81. Rb6+ Kd7 82. Be5 Rd1+ 83. Kc3 Rc1+ 84. Kd3 Bf5+ 85. Kd2
Rc5 86. Bd4 Rc2+ 87. Ke3 Rh2 88. Be5 Rh4 89. Kf3 Be6 90. Ke3 Rh1 91. Kd2 Rh5
92. Bd4 Rh2+ 93. Ke3 Bc4 94. Bc3 Kc7 95. Rb4 Rh3+ 96. Kd4 Be6 97. Ba1 Rh1 98.
Bc3 Rh4+ 99. Kc5 Rh5+ 100. Kd4 Rh4+ 101. Kc5 Rh5+ 102. Kd4 Kc6 103. Kd3 Bf5+
104. Kd2 Rh2+ 105. Ke3 Rh3+ 106. Kd2 Rd3+ 107. Kc1 Rxc3+ 108. Kb2 Rg3 109. Rxb3
Rg2+ 110. Ka1 Rg1+ 111. Kb2 Kc5 112. Rf3 Be4 113. Ra3 Kb4 114. Rb3+ Kc4 115.
Rc3+ Kd4 116. Rc1 Rg8 117. Ra1 Rb8+ 118. Kc1 Ke3 119. Kd1 Bd3 120. Ke1 Rh8 0-1

[Event "Hastings Masters 2022/23"]
[Site "Hastings"]
[Date "2022.12.29"]
[Round "2.4"]
[White "Nagy, Gabor"]
[Black "Okhai, Shabir"]
[Result "1-0"]
[WhiteElo "2488"]
[BlackElo "2149"]
[PlyCount "86"]
[EventDate "2022.12.28"]
[EventType "swiss"]
[EventRounds "10"]
[EventCountry "ENG"]

1. c4 g6 2. Nf3 Bg7 3. d4 Nf6 4. Nc3 d5 5. Bg5 Ne4 6. Bh4 Nxc3 7. bxc3 dxc4 8.
e3 O-O 9. Bxc4 c5 10. O-O Nc6 11. Qe2 a6 12. a4 Bf5 13. h3 Na5 14. Ba2 Be4 15.
Rfd1 Rc8 16. Ng5 Bc6 17. e4 c4 18. Bb1 Qd7 19. e5 e6 20. Ne4 Bxe4 21. Bxe4 Nb3
22. Ra2 b5 23. axb5 axb5 24. f4 Bh6 25. Qf3 Qc7 26. d5 exd5 27. Rxd5 Nc5 28.
Bf2 Nxe4 29. Qxe4 Qc6 30. Qd4 b4 31. cxb4 c3 32. Rc5 Qe6 33. Rc2 Rcd8 34. Qe4
Rd1+ 35. Kh2 Qb3 36. R2xc3 Qb2 37. Be3 Qe2 38. e6 Qf1 39. e7 Qh1+ 40. Kg3 Qe1+
41. Kf3 Qf1+ 42. Bf2 Re8 43. Rc8 Qb5 1-0

[Event "Hastings Masters 2022/23"]
[Site "Hastings"]
[Date "2022.12.29"]
[Round "2.5"]
[White "Hryshchenko, Kamila"]
[Black "Clarke, Brandon G I"]
[Result "0-1"]
[WhiteElo "2139"]
[BlackElo "2484"]
[PlyCount "116"]
[EventDate "2022.12.28"]
[EventType "swiss"]
[EventRounds "10"]
[EventCountry "ENG"]

1. e4 c5 2. d3 Nc6 3. f4 g6 4. Nf3 Bg7 5. c3 Nf6 6. Be2 O-O 7. O-O b5 8. Kh1 d6
9. Be3 b4 10. Qc1 bxc3 11. bxc3 c4 12. Nbd2 cxd3 13. Bxd3 Bb7 14. Rb1 Qc7 15.
Qa3 Rab8 16. Nd4 Rfc8 17. Rb2 Ba8 18. Nb5 Qd7 19. Rfb1 a5 20. Nc4 Qd8 21. h3
Nh5 22. Nb6 Nxf4 23. Bf1 Nh5 24. Nxc8 Ng3+ 25. Kg1 Rxc8 26. Nd4 Nxf1 27. Rxf1
Ne5 28. Rb5 Bxe4 29. Rd1 d5 30. Bg5 Qc7 31. Qxa5 Qxa5 32. Rxa5 f6 33. Bd2 Nc4
34. Ra7 Kf7 35. Bc1 Bf8 36. a4 Rb8 37. Nb5 g5 38. Na3 Nb2 39. Bxb2 Rxb2 40. g4
Kg6 41. c4 e5 42. Rc7 Bxa3 43. cxd5 Rg2+ 44. Kf1 Rh2 45. d6 Rh1+ 46. Ke2 Bf3+
47. Kxf3 Rxd1 48. d7 Be7 49. a5 Bd8 50. Ra7 Bxa5 51. Rxa5 Rxd7 52. Ra3 h5 53.
Rb3 Rd4 54. Rb8 Rd3+ 55. Kg2 h4 56. Rb7 Rg3+ 57. Kh2 e4 58. Re7 e3 0-1